| 000 | 00691cam a2200265 4500 | ||
|---|---|---|---|
| 001 | L109580 | ||
| 005 | 20260602134615.0 | ||
| 008 | 000000n2000 000 0 eng u | ||
| 020 | _a0860225518 | ||
| 035 | _a(Sirsi) u109580 | ||
| 050 | _a690.2 | ||
| 100 | _aNanayakkara, R. | ||
| 245 | _aCondition survey of building services. | ||
| 260 |
_aBerkshire _bBSRIA _c2000 |
||
| 300 | _a71p. ; 30cm. | ||
| 350 | _a50.00 | ||
| 490 |
_aBSRIA Application Guide _vAG 4/2000 |
||
| 520 | _aCD-ROM is missing | ||
| 650 | _aCONDITION SURVEYS | ||
| 650 | _aBSRIA | ||
| 650 | _aBUILDING SURVEYS | ||
| 650 | _aCD-ROM | ||
| 690 | _aBUILT ENVIRONMENT-BUILDING INSPECTION | ||
| 942 |
_n0 _2ddc |
||
| 999 |
_c100953 _d100953 |
||